000124682 001__ 124682 000124682 005__ 20230322092614.0 000124682 037__ $$aTAZ-TFM-2022-377 000124682 041__ $$aeng 000124682 1001_ $$aDíaz Gayán, Paula 000124682 24200 $$aStudy of electron transport layers in solar cells 000124682 24500 $$aEstudio de las capas de transporte de electrones en las celdas solares 000124682 260__ $$aZaragoza$$bUniversidad de Zaragoza$$c2022 000124682 506__ $$aby-nc-sa$$bCreative Commons$$c3.0$$uhttp://creativecommons.org/licenses/by-nc-sa/3.0/ 000124682 520__ $$aEn este Trabajo de Fin de Máster se ha llevado a cabo en un laboratorio una evaluación detallada de la capa transportadora de electrones, así como su influencia en dos tipos de celdas solares (perovskita de haluro híbrido (PVK) y AgBiS2), evaluando para ello la estabilidad y el rendimiento de los dispositivos. El objetivo de este proyecto era desarrollar celdas solares con una capa transportadora de electrones basada en SnO2, obtenido a partir de diferentes precursores y comprender su influencia utilizando diversas técnicas actuales de caracterización fisicoquímica. El propósito de desarrollar dicho trabajo radica en la mejora de estos dispositivos fotovoltaicos mediante la consecución de mayores rendimientos. El proyecto abarcó cuatro pasos principales: revisión bibliográfica, experimentación, análisis y discusión de los resultados, y principales conclusiones. Se estudió la bibliografía más relevante para conocer los fundamentos de las celdas solares de PVK y AgBiS2, los materiales y los principios de funcionamiento. El trabajo experimental combinó la síntesis, la caracterización química y estructural del SnO2 como capa transportadora de electrones, así como la fabricación de ambos tipos de celdas solares. Este estudio aporta la posibilidad de desarrollar nuevas estrategias de fabricación de alta calidad de capas transportadoras de electrones a bajas temperaturas, basadas en la deposición directa de nanopartículas, o utilizando diferentes precursores. <br /><br /> 000124682 521__ $$aMáster en Materiales Nanoestructurados para Aplicaciones Nanotecnológicas (Nanostructured Materials for Nanotechnology Applications) 000124682 540__ $$aDerechos regulados por licencia Creative Commons 000124682 700__ $$aJuárez Pérez, Emilio$$edir. 000124682 700__ $$aBernechea Navarro, María$$edir. 000124682 7102_ $$aUniversidad de Zaragoza$$b $$c 000124682 8560_ $$f767879@unizar.es 000124682 8564_ $$s1427173$$uhttps://zaguan.unizar.es/record/124682/files/TAZ-TFM-2022-377.pdf$$yMemoria (eng) 000124682 909CO $$ooai:zaguan.unizar.es:124682$$pdriver$$ptrabajos-fin-master 000124682 950__ $$a 000124682 951__ $$adeposita:2023-03-21 000124682 980__ $$aTAZ$$bTFM$$cCIEN 000124682 999__ $$a20220627155700.CREATION_DATE